| 000 | 00661cam a2200205 a 4500 | ||
|---|---|---|---|
| 001 | 000004893 | ||
| 005 | 20200929151528.0 | ||
| 008 | 850410s1984 pr 000 p spa | ||
| 040 |
_aDO-SdBNP _dspa _cDLC _dDLC _dBNPHU |
||
| 082 |
_aPR861.44 _bR173s |
||
| 100 | 1 |
_aRamírez Córdova, Antonio, _d1941- _914157 |
|
| 245 | 1 | 0 |
_aSi la violeta cayese de tus manos / _cAntonio Ramírez Córdova. |
| 260 |
_aRío Piedra, Puerto Rico : _bMairena, _c1984. |
||
| 300 |
_a113 ; _c22 cm. |
||
| 586 | _aPremio Mairena, 1983 | ||
| 650 | 4 |
_aPoesía puertorriqueña _91015 |
|
| 650 | 4 |
_aLiteratura puertorriqueña _9250 |
|
| 910 | _aCatalogación por copia / LC | ||
| 049 | _aBNGR | ||
| 999 |
_c4699 _d4699 |
||